Arquitectura de computadoras

I tiakina i:
Ngā taipitopito rārangi puna kōrero
Kaituhi matua: Quiroga, Irma Patricia (Author)
Hōputu: Pukapuka
Reo:Pāniora
I whakaputaina: Buenos Aires, Argentina Alfaomega 2010
Ngā marau:
Ngā Tūtohu: Tāpirihia he Tūtohu
Kāore He Tūtohu, Me noho koe te mea tuatahi ki te tūtohu i tēnei pūkete!

MARC

LEADER 00000cam a2200000 a 4500
001 UCE5397
003 CL-VaPUC
005 20201215001400.0
008 141230e20100000ag |||||||||||||||||spa|d
999 |c 358127  |d 358125 
020 |a 9789871609062 
040 |c Pontificia Universidad Católica de Valparaíso 
082 0 4 |a 621.392 QUI 2010  |2 21 
100 0 |a Quiroga, Irma Patricia  |e author  |9 578014 
245 1 0 |a Arquitectura de computadoras 
260 |a Buenos Aires, Argentina   |b Alfaomega  |c 2010 
300 |a 347 páginas  
583 |a last modification  |c 20141230 16:04:00  |k Rodrigo Vera 
650 0 |a Arquitectura de computadores   |2 CL-VaPUC  |9 262439 
650 0 |a Informática   |9 260044 
650 0 |a Procesadores de textos   |2 CL-VaPUC  |9 422529 
852 |a BIBCUR 
942 |c BK  |2 ddc 
945 |d 20141230 16:04:00  |a arojas 
952 |0 0  |1 0  |3 erb  |4 0  |6 621_392000000000000_QUI_2010  |7 0  |8 A  |9 466599  |a BIBING  |b BIBING  |i 5132355  |o 621.392 QUI 2010  |p 5132355  |r 2025-01-20  |w 2019-11-23  |y BK  |z Catalogado en:20141230  |k CCI 
952 |0 0  |1 0  |3 erb  |4 0  |6 621_392000000000000_QUI_2010  |7 0  |8 A  |9 466600  |a BIBING  |b BIBING  |i 5132363  |l 1  |o 621.392 QUI 2010  |p 5132363  |r 2025-04-01  |s 2025-03-26  |w 2019-11-23  |y BK  |z Catalogado en:20141230  |k CCI 
952 |0 0  |1 0  |3 erb  |4 0  |6 621_392000000000000_QUI_2010  |7 0  |8 A  |9 466601  |a BIBING  |b BIBING  |i 5132371  |l 1  |o 621.392 QUI 2010  |p 5132371  |r 2025-04-28  |s 2025-04-21  |w 2019-11-23  |y BK  |z Catalogado en:20141230  |k CCI 
952 |0 0  |1 0  |3 erb  |4 0  |6 621_392000000000000_QUI_2010  |7 0  |8 A  |9 466602  |a BIBING  |b BIBING  |i 513238K  |l 1  |m 1  |o 621.392 QUI 2010  |p 513238K  |r 2025-04-30  |s 2025-04-14  |w 2019-11-23  |y BK  |z Catalogado en:20141230  |k CCI 
952 |0 0  |1 0  |3 erb  |4 0  |6 621_392000000000000_QUI_2010  |7 0  |8 A  |9 466603  |a BIBING  |b BIBING  |i 5132398  |o 621.392 QUI 2010  |p 5132398  |r 2025-01-20  |w 2019-11-23  |y BK  |z Catalogado en:20141230  |k CCI 
952 |0 0  |1 0  |3 erb  |4 0  |6 621_392000000000000_QUI_2010  |7 0  |8 A  |9 466604  |a BIBING  |b BIBING  |i 5350719  |o 621.392 QUI 2010  |p 5350719  |r 2025-01-20  |w 2019-11-23  |y BK  |z Catalogado en:20161124  |k CCI 
952 |0 0  |1 0  |3 erb  |4 0  |6 621_392000000000000_QUI_2010  |7 0  |8 A  |9 466605  |a BIBING  |b BIBING  |i 5350700  |l 1  |m 2  |o 621.392 QUI 2010  |p 5350700  |r 2025-01-20  |s 2023-08-09  |w 2019-11-23  |y BK  |z Catalogado en:20161124  |k CCI 
952 |0 0  |1 0  |3 erb  |4 0  |6 621_392000000000000_QUI_2010  |7 0  |8 A  |9 466606  |a BIBING  |b BIBING  |i 5350697  |o 621.392 QUI 2010  |p 5350697  |r 2025-01-20  |w 2019-11-23  |y BK  |z Catalogado en:20161124  |k CCI 
952 |0 0  |1 0  |3 erb  |4 0  |6 621_392000000000000_QUI_2010  |7 0  |8 A  |9 466607  |a BIBING  |b BIBING  |i 5350689  |o 621.392 QUI 2010  |p 5350689  |r 2025-01-20  |w 2019-11-23  |y BK  |z Catalogado en:20161124  |k CCI 
952 |0 0  |1 0  |3 erb  |4 0  |6 621_392000000000000_QUI_2010  |7 0  |8 A  |9 466608  |a BIBING  |b BIBING  |i 5350670  |o 621.392 QUI 2010  |p 5350670  |r 2025-01-20  |w 2019-11-23  |y BK  |z Catalogado en:20161124  |k CCI 
952 |0 0  |1 0  |2 ddc  |4 0  |6 621_392000000000000_QUI_2010  |7 0  |8 A  |9 577108  |a BIBING  |b BIBING  |d 2020-12-14  |e 82  |g 13875.00  |i 5579244  |o 621.392 QUI 2010  |p 5579244  |r 2025-01-20  |t 11  |v 13875.00  |w 2020-12-14  |y BK  |k CCI 
952 |0 0  |1 0  |2 ddc  |4 0  |6 621_392000000000000_QUI_2010  |7 0  |8 A  |9 577109  |a BIBING  |b BIBING  |d 2020-12-14  |e 82  |g 13875.00  |i 5579252  |o 621.392 QUI 2010  |p 5579252  |r 2025-01-20  |t 12  |v 13875.00  |w 2020-12-14  |y BK  |k CCI 
952 |0 0  |1 0  |2 ddc  |4 0  |6 621_392000000000000_QUI_2010  |7 0  |8 A  |9 579232  |a BIBING  |b BIBING  |d 2021-11-10  |e 82  |g 13090.00  |i 5625939  |o 621.392 QUI 2010  |p 5625939  |r 2025-01-20  |t 15  |v 13090.00  |w 2021-11-10  |y BK  |k CCI 
952 |0 0  |1 0  |2 ddc  |4 0  |6 621_392000000000000_QUI_2010  |7 0  |8 A  |9 579233  |a BIBING  |b BIBING  |d 2021-11-10  |e 82  |g 13090.00  |i 5625920  |o 621.392 QUI 2010  |p 5625920  |r 2025-01-20  |t 14  |v 13090.00  |w 2021-11-10  |y BK  |k CCI 
952 |0 0  |1 0  |2 ddc  |4 0  |6 621_392000000000000_QUI_2010  |7 0  |8 A  |9 579234  |a BIBING  |b BIBING  |d 2021-11-10  |e 82  |g 13090.00  |i 5625912  |o 621.392 QUI 2010  |p 5625912  |r 2025-01-20  |t 13  |v 13090.00  |w 2021-11-10  |y BK  |k CCI